A görög filozófia és a szentpáli levelek
Elmentve itt :
| Szerző: | |
|---|---|
| Adatforrás: | Philobibl |
| Forrásdokumentuma: | Kellék 8-9.sz 1997., 95-105. p. |
| Dokumentumtípus: | Cikk |
| Nyelv: | magyar |
| Kulcsszavak: | antik filozófia vallás, keresztény |
| LEADER | 00364nab a2200121 c 4500 | ||
|---|---|---|---|
| 001 | bibDOK00016640 | ||
| 005 | 20200924121110.2 | ||
| 008 | 060518s1997 hu hun | ||
| 100 | 1 | |a Szegő Katalin | |
| 245 | 1 | 2 | |a A görög filozófia és a szentpáli levelek |c Szegő Katalin |
| 695 | |a antik filozófia | ||
| 695 | |a vallás, keresztény | ||
| 773 | 0 | |t Kellék 8-9.sz |g 1997., 95-105. p. | |